Normal view MARC view

Entry Topical Term

Number of records used in: 1

001 - CONTROL NUMBER

  • control field: 261706

003 - CONTROL NUMBER IDENTIFIER

  • control field: OSt

005 - DATE AND TIME OF LATEST TRANSACTION

  • control field: 20260415163300.0

008 - FIXED-LENGTH DATA ELEMENTS

  • fixed length control field: 260415|| aca||aabn | a|a d

040 ## - CATALOGING SOURCE

  • Original cataloging agency: OSt
  • Transcribing agency: OSt

150 ## - HEADING--TOPICAL TERM

  • Topical term or geographic name entry element: Sanskrit Poetry

670 ## - SOURCE DATA FOUND

  • Source citation: Work cat.: (OSt)85981: SHASTRI (Vasudev Dvedi). वासुदेवद्विवेदिशास्त्री 261701, Saral sanskrat pady sangrah., 1981